| 000 | 00885nam a22002417a 4500 | ||
|---|---|---|---|
| 005 | 20100519150631.0 | ||
| 008 | 100519t xxu||||| |||| 00| 0 eng d | ||
| 010 | _aENG-96138 | ||
| 020 |
_a9788120340619 _c225.00 |
||
| 035 | _aEN-79671 | ||
| 037 | _bDBAD / PUB | ||
| 040 | _aDPL | ||
| 082 | _a880.8 | ||
| 100 | _aNozar Niazi | ||
| 245 |
_aHow to study literature : _cby Nozar Niazi [and] Rama Gautam _bstylistic and pragmatic approaches / |
||
| 260 |
_aNew Delhi _bPHI Learning _c2010 |
||
| 270 |
_bNew Delhi _e110001 _aM-97, Connaught Circus |
||
| 300 |
_axii, 304p. _c22 cm. (pbk) |
||
| 500 | _aincludes bibliographical references and index | ||
| 700 | _aGautam, Rama | ||
| 942 |
_2ddc _cEN _mNOZ _h880.8 |
||
| 999 |
_c36222 _d36222 |
||